Southville International School and Colleges
Your cart is empty.
  • Cart
  • Lists
    Public lists Eva Luna New books Lux_list list_1
    Your lists Log in to create your own lists
  • Log in to your account
  • Your cookies
  • Search history
Southville International School and Colleges
  • Advanced search
  • Recent comments
  • Most popular
  • Libraries

Log in to your account

Log in with GOOGLE


If you do not have an external account, but do have a local account, you can still log in:

  1. Home
  2. MARC view: Sacred rhetoric :
Normal view MARC view ISBD view

Sacred rhetoric : (Record no. 25168)

[ view plain ]
MARC details
000 -LEADER
fixed length control field 00617nam a2200181 a 4500
005 - DATE AND TIME OF LATEST TRANSACTION
control field 20140310183606.0
008 - FIXED-LENGTH DATA ELEMENTS--GENERAL INFORMATION
fixed length control field 120718s19uu xx 00 eng d
020 ## - INTERNATIONAL STANDARD BOOK NUMBER
International Standard Book Number 0802820581
050 ## - LIBRARY OF CONGRESS CALL NUMBER
Classification number BV 4207
Item number .P29 2005
100 ## - MAIN ENTRY--PERSONAL NAME
Personal name Pasquarello, Michael.
245 ## - TITLE STATEMENT
Title Sacred rhetoric :
Remainder of title preaching as a theological and pastoral practice of the church /
Statement of responsibility, etc Michael Pasquarello III.
260 ## - PUBLICATION, DISTRIBUTION, ETC. (IMPRINT)
Place of publication, distribution, etc Grand Rapids, Mich :
Name of publisher, distributor, etc William B. Eerdmans Pub,
Date of publication, distribution, etc 2005.
300 ## - PHYSICAL DESCRIPTION
Extent 143 p. :
Dimensions 23 cm.
500 ## - GENERAL NOTE
General note Includes bibliographical references and index.
650 ## - SUBJECT ADDED ENTRY--TOPICAL TERM
Topical term or geographic name as entry element Preaching
General subdivision History
942 ## - ADDED ENTRY ELEMENTS (KOHA)
Koha item type Books
Source of classification or shelving scheme Library of Congress Classification
Call number prefix Foreign
Holdings
Withdrawn status Lost status Source of classification or shelving scheme Damaged status Home library Current library Shelving location Date acquired Source of acquisition Cost, normal purchase price Total Checkouts Full call number Barcode Date last seen Copy number Price effective from Koha item type
    Library of Congress Classification   College Library College Library General Circulation Section 07/18/2012   1120.00   BV 4207 .P29 2005 C14788 05/15/2018 1 10/18/2013 Books

Sacred rhetoric :

APA

Pasquarello M., . (2005). Sacred rhetoric. Grand Rapids, Mich: William B. Eerdmans Pub.

Chicago

Pasquarello Michael, . 2005. Sacred rhetoric. Grand Rapids, Mich: William B. Eerdmans Pub.

Harvard

Pasquarello M., . (2005). Sacred rhetoric. Grand Rapids, Mich: William B. Eerdmans Pub.

MLA

Pasquarello Michael, . Sacred rhetoric. Grand Rapids, Mich: William B. Eerdmans Pub. 2005.

  • Place hold
  • Print
  • Cite
  • Add to your cart (remove)
  • Save record
    BIBTEX Dublin Core MARCXML MARC (non-Unicode/MARC-8) MARC (Unicode/UTF-8) MARC (Unicode/UTF-8, Standard) MODS (XML) RIS
  • More searches
    Search for this title in:
    Other Libraries (WorldCat) Other Databases (Google Scholar) Online Stores (Bookfinder.com) Open Library (openlibrary.org)

Exporting to Dublin Core...

SOUTHVILLE LIBRARY

Southville International School and Colleges Library

1281 Tropical Ave. Cor. Luxembourg St., BF Homes International, Las Pinas City

Tel. No. 8256374 / 252358 Loc. 117/146

Powered by Koha